| 000 | 00519nam a2200181Ia 4500 | ||
|---|---|---|---|
| 008 | 240925s9999 xx 000 0 und d | ||
| 020 | _a9780070590250 | ||
| 082 | _a005.133 HUB | ||
| 100 | _aHubbard, John R. | ||
| 245 | 0 | _aSchaums Outlines Series of Data Structures with C++ | |
| 250 | _a1st | ||
| 260 |
_aNew Delhi: _bTataMcGraw-Hill _c,2010. |
||
| 300 |
_a772p. _b0 _fOriginal |
||
| 500 | _aIncludes Index | ||
| 600 | _aComputer Science | ||
| 650 | _aComputer science, information & general works | ||
| 942 | _cBK | ||
| 999 |
_c13079 _d13079 |
||